000 00790nam a2200229 a 4500
001 BRCA_6187
005 20190320205350.0
008 110711s1943----mx-#######---#000-0#spa-#
041 _aspa
044 _amx
050 4 _aPQ7297
_b.M668 T4
_c1943
100 1 _aMonterde García Izcabalceta, Francisco
_d1894-
_915575
245 1 0 _aEl temor de Hernán Cortés y otras narraciones de la Nueva España
_cFrancisco Monterde; prólogo de Luis González Obregón.
260 _aMéxico
_bImprenta Universitaria
_c1943
300 _axii,339 p.
_bil.(algunas a color)
_c20 cm.
500 _aK67
650 1 4 _aLiteratura mexicana
_vNovela
_xHistoria
_yHasta 1810
_915576
700 1 _aGonzález Obregón, Luis
_eprol.
_99108
700 1 _aPrieto, Julio
_eil.
_915577
902 _aGFM
942 _2lcc
_cB
999 _c5874
_d5874